Online Catalogue and eLibrary

An anthology of Sinhal short stories in English (Record no. 3084)

MARC details
000 -LEADER
fixed length control field 00244nam a2200097Ia 4500
008 - FIXED-LENGTH DATA ELEMENTS--GENERAL INFORMATION
fixed length control field 240331s9999 xx 000 0 und d
082 ## - DDC Classification
Item Number - Author Mark ANA
100 ## - MAIN ENTRY--PERSONAL NAME
Personal name Balasuriya, T.. tr.
245 #3 - TITLE STATEMENT
Title An anthology of Sinhal short stories in English
942 ## - Koha item type (Biblio)
Koha item type Books in Stacks (Lending)
Holdings
Lost status Damaged status Collection code Home library Current library Shelving location Date acquired Full call number Accession Number Item type
    Lending WERC Library WERC Library Social Science Cupboard 03/31/2024 800 ANA 3521 Books in Stacks (Lending)

© WERC Library